Loading...
History - European History | 0 | 8 | 0 | 2 | 80 | 32 | 84.25 | 4 | 8 |
Literature - World Literature | 0 | 6 | 1 | 0 | 55 | 63 | 88.33 | 2 | 6 |
Literature - European Literature | 0 | 5 | 0 | 1 | 50 | 39 | 96.20 | 3 | 5 |
Literature - British Literature | 0 | 5 | 1 | 0 | 45 | 49 | 93.80 | 1 | 5 |
Fine Arts - Other Fine Arts | 0 | 4 | 0 | 1 | 40 | 67 | 101.50 | 2 | 4 |
History - American History | 0 | 4 | 1 | 1 | 35 | 61 | 84.50 | 1 | 4 |
History - World History | 0 | 3 | 1 | 0 | 25 | 73 | 85.00 | 2 | 3 |
Mythology | 0 | 2 | 0 | 0 | 20 | 94 | 107.50 | 1 | 2 |
Literature - American Literature | 0 | 3 | 3 | 0 | 15 | 100 | 106.33 | 0 | 3 |
Other | 0 | 2 | 1 | 0 | 15 | 29 | 62.00 | 2 | 2 |
Fine Arts - Classical Music | 0 | 1 | 0 | 0 | 10 | 114 | 114.00 | 0 | 1 |
Fine Arts - Painting & Sculpture | 0 | 1 | 0 | 0 | 10 | 96 | 96.00 | 1 | 1 |
Science - Biology | 0 | 1 | 0 | 1 | 10 | 124 | 124.00 | 0 | 1 |
Science - Chemistry | 0 | 1 | 0 | 1 | 10 | 130 | 130.00 | 0 | 1 |
Philosophy | 0 | 1 | 0 | 0 | 10 | 73 | 73.00 | 1 | 1 |
Religion | 0 | 1 | 0 | 1 | 10 | 124 | 124.00 | 0 | 1 |
History - Other History | 0 | 1 | 3 | 0 | -5 | 117 | 117.00 | 0 | 1 |
Social Science | 0 | 0 | 1 | 0 | -5 | 0.00 | 0 | 0 |